000 01941cam a22002054a 4500
005 20250605163932.0
008 250528s ||||||||||||||||||||||||d
035 _a14714
020 _a9603440388
040 _aGR-AtMCL
_bgre
_dGR-AtMCL
_eAACR2
245 1 _aΠαιδιά και Γονείς / Στο Ξεκίνημα Μιας Σχέσης
250 _a
260 _bΕλληνικά Γράμματα,
_c1998
300 _a448
520 _aΤο βιβλίο αποτελείται από τρεις ενότητες και βασίζεται στην πεποίθηση ότι ο τρόπος συμπεριφοράς μας προς τα παιδιά απεικονίζει το όραμα για το μέλλον που έχουμε ως άτομα και ως κοινωνία. Γονικότητα: Μια Πολυδιάστατη Εμπειρία, Η Απόφαση να Κάνουμε Παιδί, ΈΝα Ζευγάρι Γίνονται Γονείς, Οικογένεια με Μικρά Παιδιά, Μητέρα και Μητρότητα, Πατέρας και Πατρότητα, Τι Είναι Ένα Παιδί και τι Χρειάζεται, Οι Έννοιες Παιδικότητα και Παιδί, Η Μεγάλη Αρχή, Συναισθηματική Ανάπτυξη και η Δημιουργία των Πρώτων Δεσμών, Το Παιδί στην Οικογένεια, Ανάπτυξη της Σκέψης, Η Γλώσσα και το Παιδί, Κορίτσια και Αγόρια: Ομοιότητες και Διαφορές, Παιχνίδι, Εξωοικογενειακές Επιδράσεις, Οι Μεγάλοι Μεγαλώνουν τους Μικρούς, Διαπαιδαγώγηση, Ημερήσια Φροντίδα Έξω από την Οικογένεια.
700 1 _aΧουντουμάδη Αναστασία
_9205
942 _cBK
999 _c335
_d335